000 00485nam a22001817a 4500
005 20250320205741.0
008 250320b |||||||| |||| 00| 0 eng d
020 _a978171772186
050 _aKD1554
_b.U7
100 _aUjjannavar, S. S.
245 _aThe Law of Contract /
_cUjjannavar, S. S.
250 _a2nd ed, ;
260 _aNew Delhi ;
_bEastern Law house ;
_cc2009
300 _aiii, 443 pp. :
500 _aIncludes index
650 _aContract Law
942 _2lcc
_cBK
_n0
999 _c5032
_d5032